Proyecto de proposición de Ley para el arreglo general de la deuda pública española, reducida toda a deuda con interés de 3 por 100 en 10 años y estinguida en 15 : (Record no. 53652)
[ view plain ]
| 000 -LEADER | |
|---|---|
| campo de control de longitud fija | 00812nam a22001935i 4500 |
| 001 - NÚMERO DE CONTROL | |
| campo de control | 53652 |
| 003 - IDENTIFICADOR DE NÚMERO DE CONTROL | |
| campo de control | ES-MaACL |
| 005 - FECHA Y HORA DE LA ÚLTIMA TRANSACCIÓN | |
| campo de control | 20251004063108.0 |
| 007 - CAMPO FIJO DE DESCRIPCIÓN FÍSICA--INFORMACIÓN GENERAL | |
| campo de control de longitud fija | t| |
| 008 - DATOS DE LONGITUD FIJA--INFORMACIÓN GENERAL | |
| campo de control de longitud fija | 960703s1851 sp ||||1| spa d |
| 080 ## - NÚMERO DE LA CLASIFICACIÓN DECIMAL UNIVERSAL | |
| Número de la Clasificación Decimal Universal | 336.27:351.72(460)"18" |
| 100 0# - ENTRADA PRINCIPAL--NOMBRE DE PERSONA | |
| Nombre de persona | Fernandez de Angulo, Emilio, |
| Títulos y otros términos asociados al nombre | Conde de Cabarrús |
| 9 (RLIN) | 49621 |
| 245 10 - MENCIÓN DEL TÍTULO | |
| Título | Proyecto de proposición de Ley para el arreglo general de la deuda pública española, reducida toda a deuda con interés de 3 por 100 en 10 años y estinguida en 15 : |
| Resto del título | aumentado y reformado / |
| Mención de responsabilidad, etc. | por Emilio Fernández de Angulo Mellado. |
| 260 ## - PUBLICACIÓN, DISTRIBUCIÓN, ETC. | |
| Lugar de publicación, distribución, etc. | Madrid : |
| Nombre del editor, distribuidor, etc. | [s.n.], |
| Fecha de publicación, distribución, etc. | 1851 ( |
| Fabricante | Estab. Tip. de Mellado) |
| 300 ## - DESCRIPCIÓN FÍSICA | |
| Extensión | 40 p., [1] h. pleg. ; |
| Dimensiones | 20 cm. |
| 650 ## - PUNTO DE ACCESO ADICIONAL DE MATERIA--TÉRMINO DE MATERIA | |
| Término de materia o nombre geográfico como elemento de entrada | Deuda pública- |
| Subdivisión de forma | Legislación- |
| Subdivisión geográfica | España. |
| 9 (RLIN) | 158113 |
| 852 4# - LOCALIZACIÓN | |
| Ubicación | ES-MaACL |
| Número de control de estantería | T-7-F-1 |
| Estatus retirado | Estado de pérdida | Estado de daño | No para préstamo | Colección | Biblioteca de origen | Biblioteca actual | Ubicación en estantería | Fecha de adquisición | Fuente de adquisición | Total de préstamos | Signatura topográfica completa | Código de barras | Visto por última vez | Precio de reemplazo | Tipo de ítem Koha |
|---|---|---|---|---|---|---|---|---|---|---|---|---|---|---|---|
| Colección de folletos | Biblioteca del Ateneo de Madrid | Biblioteca del Ateneo de Madrid | Depósito folletos | 17/01/2008 | T-7-F-1 | 1056375 | 23/02/2023 | 23/02/2023 | Folleto |
